000
00301nam a22001457a 4500
008
221019b ||||| |||| 00| 0 eng d
020
_a
0201023814
041
_a
eng
080
_a
61
082
_a
61 GIR
100
_a
4
101
_a
MJEK
245
_a
DRUG EDUCATION
_c
GIRDANO
942
_2
udc
_c
BK
999
_c
58612
_d
58612